| Tag |
First Indicator |
Second Indicator |
Subfields |
| LEADER |
00000cam a2200000 a 4500 |
| 001 |
in00000075032 |
| 005 |
20151008060250.0 |
| 008 |
810828s1980 azuac b 00000 eng |
| 010 |
|
|
|a 76617570
|
| 020 |
|
|
|a 0936350008
|
| 020 |
|
|
|a 0936350016 (pbk.) :
|c $10.00
|
| 035 |
|
|
|a (OCoLC)07390198
|
| 035 |
|
|
|9 AAJ5428AM
|
| 039 |
0 |
|
|a 2
|b 3
|c 3
|d 3
|e 3
|
| 040 |
|
|
|a DLC
|c DLC
|d TXA
|d UtOrBLW
|
| 049 |
|
|
|a TXAM
|c 1 [1672399], 2 [932972]
|
| 050 |
0 |
0 |
|a PS501
|b .S85 vol. 6, 1981
|a PM464
|
| 090 |
|
|
|a PS501
|b .S85 v. 6, 1981
|
| 245 |
0 |
4 |
|a The South corner of time :
|b Hopi, Navajo, Papago, Yaqui tribal literature /
|c edited by Larry Evers [and others].
|
| 264 |
|
1 |
|a Tucson, Ariz. :
|b University of Arizona Press,
|c [1980]
|
| 264 |
|
3 |
|c 1981 printing
|
| 264 |
|
4 |
|c ©1980
|
| 300 |
|
|
|a x, 240 pages :
|b illustrations, portraits ;
|c 22 x 28 cm.
|
| 336 |
|
|
|a text
|b txt
|2 rdacontent
|
| 337 |
|
|
|a unmediated
|b n
|2 rdamedia
|
| 338 |
|
|
|a volume
|b nc
|2 rdacarrier
|
| 500 |
|
|
|a "Originally published as Sun tracks, An American Indian Literary Series [volume 6]."
|
| 504 |
|
|
|a Includes bibliographies.
|
| 650 |
|
0 |
|a Indian literature
|z Southwest, New.
|
| 650 |
|
0 |
|a American literature
|x Indian authors.
|
| 700 |
1 |
|
|a Evers, Larry.
|
| 830 |
|
0 |
|a Sun tracks ;
|v v. 6.
|
| 999 |
|
|
|a MARS
|
| 999 |
f |
f |
|s f7bdee1d-3c07-378f-adf2-f8fd3aa2916f
|i e39161b0-9c5e-3a06-a6da-c52793976232
|t 0
|
| 952 |
f |
f |
|p ric
|a Texas A&M University
|b Rellis Campus
|c Joint Library Facility
|d Remote Storage
|t 0
|e PS501 .S85 v.6, 1981
|h Library of Congress classification
|i unmediated -- volume
|m A14806189003
|
| 952 |
f |
f |
|p ric
|a Texas A&M University
|b Rellis Campus
|c Joint Library Facility
|d Remote Storage
|t 0
|e PS501 .S85 v.6, 1981
|h Library of Congress classification
|i unmediated -- volume
|m A14806188992
|
| 998 |
f |
f |
|a PS501 .S85 v.6, 1981
|t 0
|l Remote Storage
|
| 998 |
f |
f |
|a PS501 .S85 v.6, 1981
|t 0
|l Remote Storage
|